Statistiques concernant Top 15 des pays avec les décès de Covid-19 - 26 janvier 2022

Cliquez ici pour prendre le quiz!

Statistiques générales

  • Ce quiz a été pris 23 fois
  • Le résultat moyen est 14 sur 27

Statistiques - réponses

pays% Correct
Etats-Unis
100%
France
100%
Inde
100%
Brésil
95%
Allemagne
90%
Royaume-Uni
90%
Argentine
86%
Italie
86%
Mexique
81%
Russie
81%
Colombie
62%
Indonésie
52%
Pérou
48%
Iran
43%
Pologne
43%
Roumanie
38%
Tchèquie
38%
Hongrie
33%
Slovaquie
33%
Bulgarie
29%
Slovénie
29%
Bosnie-Herzégovine
19%
Croatie
19%
Macédoine du Nord
14%
Géorgie
10%
Lituanie
10%
Arménie
5%

Distribution des résultats

Percentile par nombre de réponses

% des personnes avec chaque résultat

Votre développement - résultats

Vous n’avez pas pris ce quiz